| 000 | 00681nam a2200241 a 4500 | ||
|---|---|---|---|
| 001 | 69078 | ||
| 003 | BD-RjUL | ||
| 005 | 20211209081839.0 | ||
| 008 | 880808s2009 enka b 001 0 eng | ||
| 020 | _a9780521138796 | ||
| 035 | _a(BD-RjUL)69289 | ||
| 040 |
_aBD-RjUL _beng _cBD-RjUL _dBD-RjUL |
||
| 041 | _aeng | ||
| 082 |
_223 _a660.6 _bSMB 2009 |
||
| 100 | 1 |
_aSmith, John E. _q(John Edward), _d1932- _9202916 |
|
| 245 | 1 | 0 |
_aBiotechnology / _cJohn E. Smith |
| 250 | _a5th ed. | ||
| 260 |
_aLondon : _b Cambridge University Press _c2009 |
||
| 300 |
_a266 p : _bill. ; _c22 cm |
||
| 504 | _aIncludes Bibliography and index | ||
| 650 | 0 |
_aBiotechnology _9204645 |
|
| 942 |
_2ddc _cBK |
||
| 999 |
_c69078 _d69078 |
||